000 00413nam a2200097Ia 4500
008 180130s9999 xx 000 0 und d
245 _cCeolin, Davide; Nottamkandath, Archana; Fokkink, Wan
_aEfficient semi-automated assessment of annotations trustworthiness
260 _c2016
300 _aBook title: Trust management and information security--Acession number C20744; pages 1 - 31
650 _aINFORMATION SECURITY
999 _c354194
_d354194